ՀՀ Գիտությունների ազգային ակադեմիայի հիմնարար գիտական գրադարան  =   Fundamental Scientific Library of NAS RA

Итальянская литература XIX века / (Record no. 413155)

MARC details
000 -LEADER
fixed length control field 00735nam a22002057a 4500
003 - CONTROL NUMBER IDENTIFIER
control field AM-YeHGA
005 - DATE AND TIME OF LATEST TRANSACTION
control field 20250617154508.0
008 - FIXED-LENGTH DATA ELEMENTS--GENERAL INFORMATION
fixed length control field 181005b ||||| |||| 00| 0 rus d
040 ## - CATALOGING SOURCE
Original cataloging agency AM-YeHGA
041 0# - LANGUAGE CODE
Language code of text/sound track or separate title rus
090 ## - LOCALLY ASSIGNED LC-TYPE CALL NUMBER (OCLC); LOCAL CALL NUMBER (RLIN)
-- 415458
100 1# - MAIN ENTRY--PERSONAL NAME
Personal name Фриче, Владимир Максимович
245 10 - TITLE STATEMENT
Title Итальянская литература XIX века /
Statement of responsibility, etc. В. Фриче.
260 ## - PUBLICATION, DISTRIBUTION, ETC.
Place of publication, distribution, etc. Москва :
Name of publisher, distributor, etc. Задруга,
Date of publication, distribution, etc. 1916.
300 ## - PHYSICAL DESCRIPTION
Extent часть
500 ## - GENERAL NOTE
General note Вышла только ч. 1
505 00 - FORMATTED CONTENTS NOTE
Miscellaneous information Ч. 1 (1916, 248 с.) :
Title Литература эпохи объединения Италии : (1796-1870 гг.)
650 14 - SUBJECT ADDED ENTRY--TOPICAL TERM
Topical term or geographic name entry element Итальянская литература
Chronological subdivision 19 в.
942 ## - ADDED ENTRY ELEMENTS (KOHA)
Source of classification or shelving scheme Universal Decimal Classification
Koha item type Գրքեր / Books
Holdings
Withdrawn status Lost status Source of classification or shelving scheme Damaged status Not for loan Collection Home library Current library Date acquired Serial enumeration / chronology Total checkouts Full call number Barcode Date last seen Price effective from Koha item type Public note
    Universal Decimal Classification     General Fundamental Scientific Library Fundamental Scientific Library 05/10/2018 Ч. 1   РД II/8462 FL0524255 05/10/2018 05/10/2018 Գրքեր / Books 30 Days Loan


ՀՀ ԳԱԱ հիմնարար գիտական գրադարան
ՀՀ,Երևան 0019
Մարշալ Բաղրամյան 24/6
հեռախոս:(374-10) 52-47-50
Հետադարձ կապ

All site content, except where otherwise noted, is licensed under a
Creative Commons License